Top Fine Artists / Painters - Statistics

General Stats
  • This quiz has been taken 250 times
  • The average score is 30 of 65
Answer Stats
Hint Answer % Correct
Mona Lisa Leonardo daVinci
98%
Grande Odalisque Jean Auguste Dominique Ingres
97%
Starry Night Vincent van Gogh
94%
Guernica Pablo Picasso
93%
The Scream Edvard Munch
88%
Girl with a Pearl Earring Jan Vermeer
85%
Creation of Adam Michelangelo
85%
Night Watch Rembrandt
84%
The Persistence of Time Salvadore Dali
82%
Campbell's Soup Cans Andy Warhol
80%
The Birth of Venus Botticelli
80%
The Kiss Gustav Klimt
80%
Olympia Edouard Manet
73%
The School of Athens Raphael
73%
Haystacks Claude Monet
72%
Saturn Devouring His Son Fransisco de Goya
70%
The Dance Class Edgar Degas
69%
Las Meninas Diego Velazquez
64%
Nighthawks Edward Hopper
64%
Self-Portrait with Thorn Necklace and Hummingbird Frida Kahlo
62%
American Gothic Grant Wood
62%
The Garden of Earthly Delights Hieronymus Bosch
62%
A Sunday Afternoon on the Island of La Grande Jatte Georges Seurat
61%
Dance at the Moulin de la Galette Pierre-Auguste Renoir
60%
Arrangement in Grey and Black (the Painter's mother) James Abbott McNiel Whistler
59%
At the Moulin Rouge Henri de Toulouse-Lautrec
56%
Liberty Leading the People Eugene Delacroix
55%
Cow's Skull: Red, White, and Blue Georgia O'Keeffe
51%
Autumn Rhythm Jackson Pollock
47%
The Son of Man Rene Magritte
47%
Yellow Red Blue Wassily Kandinsky
46%
The Basket of Apples Paul Cezanne
44%
Bacchus Caravaggio
43%
Harmony in Red Henri Matisse
40%
Composition with Red, Blue, and Yellow Piet Mondrian
40%
The Shipwreck J.M.W. Turner
39%
Oath of the Horatii Jacques-Louis David
38%
Balloon Girl Banksy
35%
Drowning Girl Roy Lichtenstein
33%
Nude Descending a Staircase Marcel Duchamp
32%
Orange and Yellow Mark Rothko
32%
Study after Velazquez's Portrait of Pope Innocent X Francis Bacon
31%
The Splash David Hockney
29%
Man with a Guitar Georges Braque
27%
The Child's Bath Mary Cassatt
27%
Yellow Christ Paul Gaugin
27%
Rhinoceros Albrecht Durer
26%
The Desperate Man Gustave Courbet
26%
Flag Jasper Johns
26%
The Gleaners Jean-Francois Millet
26%
The Tilled Field Joan Miro
24%
Raft of the Medusa Theodore Gericault
23%
Nude with Calla Lilies Diego Rivera
22%
Portrait of Madame X John Singer Sargent
20%
Crown Jean-Michel Basquiat
15%
Death and the Maiden Egon Schiele
14%
Ophelia John Everett Millais
10%
Freedom of Speech Norman Rockwell
10%
Woman 1 Willem de Kooning
9%
Portrait of Marie Antoinette Elizabeth Vigee Le Brun
7%
Summer 1 Giuseppe Arcimboldo
4%
Dots Obsession Yayoi Kusama
4%
Birth Trinity Judy Chicago
2%
Provincetown Helen Frankenthaler
1%
Flowers Takashi Murakami
1%
No matching quizzes found
Score Distribution
Percent of People with Each Score
Percentile by Number Answered
Your Score History
You have not taken this quiz